00515nam a22001457a 450000500170000000800410001702000230005804000140008108200220009524501170011726000310023430000230026550000400028850400410032820230707113649.0230707b sa ||||| |||| 00| 0 eng d a9781838020415qpbk aRDAc3228 a636.50896203 HOLF aFlu fighters: how to win the cold war by boosting your natural immunity with non-toxic nutrietscPatrick Holford aLondonbLoford Pressc2020 a144 pages ;c22 cm a[The bestselling nutrition expect]  6Bibliographical references and index